Blott on the landscape / (Record no. 3752)

MARC details
000 -LEADER
fixed length control field 01105cam a2200301 a 4500
005 - DATE AND TIME OF LATEST TRANSACTION
control field 20250327095356.0
020 ## - INTERNATIONAL STANDARD BOOK NUMBER
International Standard Book Number 0436458039
040 ## - CATALOGING SOURCE
Original cataloging agency DLC
Transcribing agency DLC
Modifying agency DLC
Language of cataloging eng
050 00 - LIBRARY OF CONGRESS CALL NUMBER
Classification number PR6069.H345
082 00 - DEWEY DECIMAL CLASSIFICATION NUMBER
Classification number 823.914
100 1# - MAIN ENTRY--PERSONAL NAME
Personal name Sharpe, Tom
Dates associated with a name 1928-2013.
245 10 - TITLE STATEMENT
Title Blott on the landscape /
Statement of responsibility, etc. Tom Sharpe
250 ## - EDITION STATEMENT
Edition statement This edition published 1977
260 ## - PUBLICATION, DISTRIBUTION, ETC.
Place of publication, distribution, etc. London :
Name of publisher, distributor, etc. Secker & Warburg ,
Date of publication, distribution, etc. 1975
300 ## - PHYSICAL DESCRIPTION
Extent 237 pages :
Dimensions 19 cm .
Other physical details illustrations ;
505 ## - FORMATTED CONTENTS NOTE
Formatted contents note U <br/>
520 ## - SUMMARY, ETC.
Summary, etc. Sir Giles Lynchwood, millionaire property developer and Tory MP, is determined to see a motorway driven through the ancestral home of his spouse, Lady Maud. As local opposition grows, the MP is devoured by lions, and Lady Maud marries her gardener, Blott.
521 ## - TARGET AUDIENCE NOTE
Target audience note 820 <br/>
Source Lexile estimate <br/>
521 ## - TARGET AUDIENCE NOTE
Target audience note U <br/>
Source Raz-Plus <br/>
650 #0 - SUBJECT ADDED ENTRY--TOPICAL TERM
Topical term or geographic name entry element Environmental policy
General subdivision Fiction.
650 #0 - SUBJECT ADDED ENTRY--TOPICAL TERM
Topical term or geographic name entry element Legislators
General subdivision Fiction.
650 #0 - SUBJECT ADDED ENTRY--TOPICAL TERM
Topical term or geographic name entry element Gardeners
General subdivision Fiction.
655 #7 - INDEX TERM--GENRE/FORM
Genre/form data or focus term Humorous stories.
Source of term gsafd
655 #7 - INDEX TERM--GENRE/FORM
Genre/form data or focus term Satire.
Source of term gsafd
906 ## - LOCAL DATA ELEMENT F, LDF (RLIN)
a 7
b cbc
c orignew
d 3
e ncip
f 19
g y-gencatlg
942 ## - ADDED ENTRY ELEMENTS (KOHA)
Source of classification or shelving scheme Dewey Decimal Classification
Koha item type Books
Suppress in OPAC No
999 ## -
-- 3752
-- 3752
Holdings
Withdrawn status Lost status Source of classification or shelving scheme Damaged status Not for loan Collection Home library Current library Shelving location Date acquired Total Checkouts Full call number Barcode Date last seen Price effective from Koha item type
    Dewey Decimal Classification     Fiction Footprints International School Library Network Toul Tom Poung Campus Footprints International School Library Network Toul Tom Poung Campus TTP Secondary Fiction Bookshelves 04/29/2024   SHA 823.19 PR6069.H345 FISSE04447 04/29/2024 04/29/2024 Books